000 00934nam a2200277 a 4500
001 892
003 BR-CuiBMT
005 20231122200316.0
008 230816s2012 spba 000 0 por d
020 _a9788522468102
040 _aBR-CuiBMT
_cBR-CuiBMT
080 _a657.63
_22007
090 _a657.63
_bS586c
_c2. ed.
100 1 _aSilva, Moacir Marques da
245 1 0 _aCurso de auditoria governamental :
_bde acordo com as normas internacionais de auditoria pública aprovadas pela INTOSAI /
_c Moacir Marques da Silva.
250 _a2. ed.
260 _aSão Paulo :
_bAtlas,
_c2012.
300 _axvi, 180 p. :
_bil. ;
_c24 cm
504 _aInclui bibliografia.
650 _aAuditoria governamental
_xConsultoria
_zBrasil
650 _aAdministração pública
_xAuditoria
650 _aAuditoria
_xPlanejamento
_zBrasil
650 _aAuditoria interna
_xControle
650 _aAuditoria externa
_xControle
942 _2udc
_cLV
999 _c892
_d892